Health in practice : (Record no. 18827)
[ view plain ]
| 000 -LEADER | |
|---|---|
| fixed length control field | 01108pam a2200277 a 4500 |
| 001 - CONTROL NUMBER | |
| control field | 016131748 |
| 003 - CONTROL NUMBER IDENTIFIER | |
| control field | OSt |
| 005 - DATE AND TIME OF LATEST TRANSACTION | |
| control field | 20170712123940.0 |
| 008 - FIXED-LENGTH DATA ELEMENTS--GENERAL INFORMATION | |
| fixed length control field | 120719s2013 xxka fr 001 0 eng d |
| 020 ## - INTERNATIONAL STANDARD BOOK NUMBER | |
| International Standard Book Number | 9781780932293 (pbk.) |
| 020 ## - INTERNATIONAL STANDARD BOOK NUMBER | |
| International Standard Book Number | 1780932294 (pbk.) |
| 040 ## - CATALOGING SOURCE | |
| Original cataloging agency | StDuBDS |
| Language of cataloging | eng |
| Transcribing agency | StDuBDS |
| Modifying agency | UkOxU |
| -- | Uk |
| -- | EG-ScBUE |
| 082 00 - DEWEY DECIMAL CLASSIFICATION NUMBER | |
| Classification number | 613.091724 |
| Edition number | 22 |
| Item number | MHE |
| 245 00 - TITLE STATEMENT | |
| Title | Health in practice : |
| Remainder of title | mobile technology for health promotion in the developing world / |
| Statement of responsibility, etc | edited by Jonathan Donner and Patricia Mechael. |
| 260 ## - PUBLICATION, DISTRIBUTION, ETC. (IMPRINT) | |
| Place of publication, distribution, etc | London ; |
| -- | New York, United States : |
| Name of publisher, distributor, etc | Bloomsbury Academic, |
| Date of publication, distribution, etc | 2013. |
| 300 ## - PHYSICAL DESCRIPTION | |
| Extent | xiv, 194 p. : |
| Other physical details | ill. ; |
| Dimensions | 24 cm. |
| 500 ## - GENERAL NOTE | |
| General note | Index : p. 185-194. |
| 650 #0 - SUBJECT ADDED ENTRY--TOPICAL TERM | |
| Topical term or geographic name as entry element | Health promotion |
| General subdivision | Technological innovations |
| Geographic subdivision | Developing countries |
| 9 (RLIN) | 37052 |
| Source of heading or term | BUEsh |
| 650 #0 - SUBJECT ADDED ENTRY--TOPICAL TERM | |
| Topical term or geographic name as entry element | Wireless communication systems in medical care |
| Geographic subdivision | Developing countries |
| 9 (RLIN) | 37053 |
| Source of heading or term | BUEsh |
| 650 #0 - SUBJECT ADDED ENTRY--TOPICAL TERM | |
| Topical term or geographic name as entry element | Cell phones |
| Geographic subdivision | Developing countries |
| 9 (RLIN) | 37054 |
| Source of heading or term | BUEsh |
| 651 ## - SUBJECT ADDED ENTRY--GEOGRAPHIC NAME | |
| Source of heading or term | BUEsh |
| 653 ## - INDEX TERM--UNCONTROLLED | |
| Resource For college | Informatics and Computer Science |
| Arrived date list | January2015 |
| 700 1# - ADDED ENTRY--PERSONAL NAME | |
| Personal name | Donner, Jonathan |
| Relator term | editor. |
| 9 (RLIN) | 37055 |
| 700 1# - ADDED ENTRY--PERSONAL NAME | |
| Personal name | Mechael, Patricia |
| Relator term | editor. |
| 9 (RLIN) | 37056 |
| 942 ## - ADDED ENTRY ELEMENTS (KOHA) | |
| Source of classification or shelving scheme | Dewey Decimal Classification |
| Call number prefix | 613.091724 MHE |
| Withdrawn status | Item status | Source of classification or shelving scheme | Damaged status | Not for loan | Vendor | Home library | Current library | Shelving location | Date acquired | Source of acquisition | Cost, normal purchase price | Serial Enumeration / chronology | Total Checkouts | Full call number | Barcode | Date last seen | Cost, replacement price | Koha item type |
|---|---|---|---|---|---|---|---|---|---|---|---|---|---|---|---|---|---|---|
| Dewey Decimal Classification | Baccah | Central Library | Central Library | First floor | 05/01/2015 | 233.00 | 21291 | 613.091724 MHE | 000037247 | 15/07/2025 | 291.00 | Book - Borrowing | ||||||
| Dewey Decimal Classification | Baccah | Central Library | Central Library | First floor | 05/01/2015 | 233.00 | 21291 | 613.091724 MHE | 000037248 | 15/07/2025 | 291.00 | Book - Borrowing | ||||||
| Dewey Decimal Classification | Baccah | Central Library | Central Library | First floor | 05/01/2015 | 233.00 | 21291 | 613.091724 MHE | 000037249 | 15/07/2025 | 291.00 | Book - Borrowing |